000 00336nam a2200109Ia 4500
008 171204s9999 xx 000 0 und d
245 _aMATLAB Programming Language. Using OBJECT-ORIENTED Design:
245 _cParker K.
260 _c2016
650 _xObject-oriented Programming
856 _uhttp://down.ebook777.com/052/1539603113.pdf
999 _c345906
_d345906